Statistics for Famous Towers by Picture

Click here to take the quiz!

General Stats

  • This quiz has been taken 24 times
  • The average score is 10 of 19

Answer Stats

Answer % Correct
Leaning Tower of Pisa
100%
Big Ben
92%
Eiffel Tower
88%
Tower Bridge
83%
White Tower of London
79%
CN Tower
75%
Petronas Towers
67%
Sears Tower
63%
Space Needle
58%
Washington Monument
54%
Tower of Babel
50%
Tokyo Tower
42%
Belem Tower
42%
Pharos of Alexandria
42%
Charles bridge tower
25%
Galata Tower
17%
Towers of Bologna
13%
Canton Tower
4%
Qutub Minar
0%

Score Distribution

Percentile by Number Answered

Percent of People with Each Score

Your Score History

You have not taken this quiz